01154nam a2200253 u 450000100100000000500170001000800410002702000180006804000250008608200140011110000400012524500720016524600390023726000510027630000200032749000230034750000700037058600580044083000280049895201270052695201120065395201180076599900170088300002034220200929170356.0100813s2015 dr 000 0 spa d a9789945492477 aDO-SdBNPbspacBNPHU axxxbxxxx1 aDomínguez, Franklind1931-91495010aPrud´Homme :bla historia de una canción /cFranklin Domíngue.10aObra teatral en un solo acto largo aSanto Domingo :bMinisterio de Cultura,c2015. a70 p. ;c24 cm.1 aPremios Nacionales aIncluye datos biográficos del autor en la solapa de la cubierta aPremio Nacional de Teatro Cristóbal de Llerena 2014 0aPremios Nacionales9718 001052708DSaGRbGRcHDd2017-05-10iLF1l0oxxx xxxxp20342-30r2020-06-25te. 3w2020-06-25yLFDSZPréstamo interno 0010718PDaPDbPDcHDd2017-05-10iLF1l0oxxx xxxxp20342-10r2020-06-25w2020-06-25yLFPDZNo se presta 0010718PDaPDbPDcHDd2017-05-10iLF1l0oxxx xxxxp20342-20r2020-06-25te. 2w2020-06-25yLFPDZNo se presta c19846d19846